| 000 | 00000nam 2200000za 4500 |
| 001 | 9.674547 |
| 003 | CaOODSP |
| 005 | 20250327133454 |
| 007 | cr ||||||||||| |
| 008 | 150407|2007||||xxc|||||o f|0| 0 iku d |
| 020 | |a978-0-662-02933-5 |
| 040 | |aCaOODSP|beng |
| 043 | |an-cn--- |
| 086 | 1 |aH34-166/1-2007Iku2-PDF|zH34-166/1-2007S-PDF |
| 110 | 1 |aCanada. |bHealth Canada. |
| 245 | 10|a[Healthy pregnancy] |h[electronic resource]. |
| 250 | |a[Inuktitut edition]. |
| 260 | |aOttawa - Ontario : |bHealth Canada |c[2007]. |
| 300 | |a12p.|bphotographs |
| 500 | |aThe catalogue number (H34-166/1-2007S) and ISBN (978-0-662-02920-5) for the print edition have been incorrectly copied in this electronic publication. |
| 500 | |aIssued also in English under title: Healthy pregnancy. |
| 546 | |aText in Inuktitut. |
| 590 | |a09-09|b2009-02-27 |
| 690 | 07|aPregnancy|2gcpds |
| 690 | 07|aIndigenous peoples|2gcpds |
| 775 | 08|tHealthy pregnancy |w(CaOODSP)9.689520 |
| 776 | 0#|tGrossesse en santé |w(CaOODSP)9.668360 |
| 792 | |t[Une grossesse en santé] |efre|w(CaOODSP)9.674548 |
| 856 | 40|ahttp://publications.gc.ca|qPDF|s1179 KB|uhttps://publications.gc.ca/collections/collection_2008/hc-sc/H34-166-1-2007S.pdf |